मिस्टर अभिमन्यु / (Record no. 119447)

MARC details
000 -LEADER
fixed length control field 01016nam a22002537a 4500
005 - DATE AND TIME OF LATEST TRANSACTION
control field 20170124103134.0
010 ## - LIBRARY OF CONGRESS CONTROL NUMBER
LC control number 817344
020 ## - INTERNATIONAL STANDARD BOOK NUMBER
Terms of availability 00.00
035 ## - SYSTEM CONTROL NUMBER
System control number 817344
037 ## - SOURCE OF ACQUISITION
Source of stock number/acquisition Cen Lib/Ret
040 ## - CATALOGING SOURCE
Original cataloging agency DPL
Language of cataloging HN
082 ## - DEWEY DECIMAL CLASSIFICATION NUMBER
Classification number 822
Item number नारायण
100 ## - MAIN ENTRY--PERSONAL NAME
Personal name नारायण, वीरेंद्र
9 (RLIN) 84963
245 ## - TITLE STATEMENT
Title मिस्टर अभिमन्यु /
Statement of responsibility, etc वीरेंद्र नारायण
246 ## - VARYING FORM OF TITLE
Title proper/short title Mister abhimanyu
Remainder of title by Virendra Narayan
260 ## - PUBLICATION, DISTRIBUTION, ETC. (IMPRINT)
Place of publication, distribution, etc नई दिल्ली
Name of publisher, distributor, etc सत्यमूर्ति प्रकाशन
Date of publication, distribution, etc 1969
270 ## - ADDRESS
Address नई दिल्ली
City नई दिल्ली
Postal code 110003
300 ## - PHYSICAL DESCRIPTION
Extent 87पृष्ठ. :
Dimensions 17सेमी(सजिल्द)
Other physical details चित्र.
650 ## - SUBJECT ADDED ENTRY--TOPICAL TERM
Topical term or geographic name as entry element हिंदी साहित्य
9 (RLIN) 84964
650 ## - SUBJECT ADDED ENTRY--TOPICAL TERM
Topical term or geographic name as entry element हिंदी नाटक
9 (RLIN) 84965
650 ## - SUBJECT ADDED ENTRY--TOPICAL TERM
Topical term or geographic name as entry element Hindi literature
9 (RLIN) 84966
650 ## - SUBJECT ADDED ENTRY--TOPICAL TERM
Topical term or geographic name as entry element Hindi Drama
9 (RLIN) 84967
942 ## - ADDED ENTRY ELEMENTS (KOHA)
Source of classification or shelving scheme Dewey Decimal Classification
Koha item type Hindi Books
Classification part 822
Call number suffix नारायण
Holdings
Withdrawn status Lost status Damaged status Not for loan Home library Current library Date acquired Source of acquisition Cost, normal purchase price Total Checkouts Full call number Barcode Date last seen Copy number Cost, replacement price Price effective from Koha item type
        Central Library Central Library 17/09/2015 Cen Lib/Ret 0.00   822 नारायण 817344 17/09/2015 1 0.00 17/09/2015 Hindi Books

© Delhi Public Library
Hit Counter
free hit counter